Využitie počítačových sietí v AIS verejnej správy diplomová práca

Gespeichert in:
Bibliographische Detailangaben
1. Verfasser: Hlinka, Ivan
Körperschaft: Fakulta hospodárskej informatiky EU. Katedra aplikovanej informatiky
Weitere Verfasser: Závodný, Peter
Format: Buch
Sprache:Slowakisch
Veröffentlicht: Bratislava 2011
Tags: Tag hinzufügen
Keine Tags, Fügen Sie das erste Tag hinzu!

MARC

LEADER 00000nbm a2200000 4500
001 0132321
005 20161109101807.0
041 0 |a slo 
044 |a SK 
245 1 0 |a Využitie počítačových sietí v AIS verejnej správy  |b diplomová práca  |c Ivan Hlinka ; školiteľ: Peter Závodný 
264 1 |a Bratislava  |c 2011 
300 |a 88 s. 
100 1 |a Hlinka, Ivan 
700 1 |a Závodný, Peter 
710 2 |a Fakulta hospodárskej informatiky EU. Katedra aplikovanej informatiky